One flesh, separate persons : principles of family and marital psychotherapy

Αποθηκεύτηκε σε:
Λεπτομέρειες βιβλιογραφικής εγγραφής
Κύριος συγγραφέας: Skynner, A. C. Robin
Μορφή: Βιβλίο
Γλώσσα:English
Δημοσίευση: London : Constable, 1976
Θέματα:
Ετικέτες: Προσθήκη ετικέτας
Δεν υπάρχουν, Καταχωρήστε ετικέτα πρώτοι!

MARC

LEADER 00000cam a2200000 i 4500
001 1/87615
008 981111s1976 eng d
020 |a 0-09-460710-9 
035 |l 10035288 
035 |a 1993  |b 1  |c Καϊλα 
040 |a GR-MY-UA  |b gre  |e aacr 
041 0 |a eng 
082 0 |a 616.89156  |2 (19) 
100 1 |a Skynner, A. C. Robin. 
245 1 0 |a One flesh, separate persons :  |b principles of family and marital psychotherapy /  |c by A. C. Robin Skynner 
260 |a London :   |b Constable,   |c 1976 
300 |a xviii, 428 p.;  |b ill.;  |c 24 cm 
500 |a American ed. published under title: Systems of family and marital psychotherapy 
504 |a Βιβλιογραφία: σ. 385-387 
504 |a Περιέχει ευρετήριο 
650 0 0 |a Family psychotherapy. 
650 0 0 |a Marital psychotherapy. 
852 |a INST  |b RHODES  |e 19981111  |h 616.89156 SKY  |p 005400009724  |q 005400009724  |t BK  |y 0 
909 |a Ρ  |b 026755  |c 1993